000 00475nam a2200181Ia 4500
001 24655
005 20260414151058.0
008 260414t2013||||xx |||||||||||||| ||spa||
041 _aESP
082 _a345.721
_bK23
100 _aKarton, Joshua
_eAUT
245 4 _aThe culture of international arbitration and the evolution of contract law
_b
260 _c2013
300 _axxx, 275 páginas :
_c24 cm.
650 _aDER
654 _aCDE
942 _cLIB
_dJUS
_fJUS
_2ddc
_n
999 _c24655
_d24655